书目信息 |
| 题名: |
中国土地银行法律制度构建研究
|
|
| 作者: | 李蕊 著 | |
| 分册: | ||
| 出版信息: | 北京 法律出版社 2014 |
|
| 页数: | 236页 | |
| 开本: | 23cm | |
| 丛书名: | 明德经济法学文库 | |
| 单 册: | ||
| 中图分类: | D922.280.4 | |
| 科图分类: | ||
| 主题词: | 土地--Tu Di--金融机构--法律--研究--中国 | |
| 电子资源: | ||
| ISBN: | 978-7-5118-6340-9 | |
| 000 | 01030nam0 22002651 450 | |
| 001 | 0101082454 | |
| 005 | 20161201102123.73 | |
| 010 | @a978-7-5118-6340-9@dCNY43.00 | |
| 100 | @a20140731d2014 kemy0chiy50 ea | |
| 101 | 0 | @achi |
| 102 | @aCN@b110000 | |
| 105 | @ay v 000yy | |
| 106 | @ar | |
| 200 | 1 | @a中国土地银行法律制度构建研究@AZhong Guo Tu Di Yin Hang Fa Lv Zhi Du Gou Jian Yan Jiu@f李蕊著 |
| 210 | @a北京@c法律出版社@d2014 | |
| 215 | @a236页@d23cm | |
| 225 | 2 | @a明德经济法学文库@AMing De Jing Ji Fa Xue Wen Ku@v3@f朱大旗主编 |
| 330 | @a本书立足于解决我国农村重大现实问题的需要,从经济法视角出发,通过对土地银行这一外生性制度的引入和本土化建构进行探讨,以期解决我国农村资金匮乏和农地资源利用不充分的两大困局。 | |
| 461 | 0 | @12001 @a明德经济法学文库@v3@f朱大旗主编 |
| 606 | 0 | @a土地@ATu Di@x金融机构@x法律@x研究@y中国 |
| 610 | 0 | @a土地银行@ATu Di Yin Hang |
| 690 | @aD922.280.4@v5 | |
| 701 | 0 | @a李蕊@ALi Rui@c(女,@f1978~)@4著 |
| 801 | 0 | @aCN@bTANGWEI@c20161128 |
| 905 | @b0951702-6@dD922.280.4@e1471@f5 | |
| 中国土地银行法律制度构建研究/李蕊著.-北京:法律出版社,2014 |
| 236页;23cm.-(明德经济法学文库;3/朱大旗主编) |
| ISBN 978-7-5118-6340-9:CNY43.00 |
| 本书立足于解决我国农村重大现实问题的需要,从经济法视角出发,通过对土地银行这一外生性制度的引入和本土化建构进行探讨,以期解决我国农村资金匮乏和农地资源利用不充分的两大困局。 |
| ● |
| 相关链接 |
|
|
|
|
正题名:中国土地银行法律制度构建研究
索取号:D922.280.4/1471
 
预约/预借
| 序号 | 登录号 | 条形码 | 馆藏地/架位号 | 状态 | 备注 |
| 1 | 0951702 | 209517021 | 第一样本阅览室/ [索取号:D922.280.4/1471] | 在馆 | |
| 2 | 0951703 | 209517030 | 密集书库-史法系/ [索取号:D922.280.4/1471] | 在馆 | |
| 3 | 0951704 | 209517049 | 第一借阅区/ [索取号:D922.280.4/1471] | 在馆 | |
| 4 | 0951705 | 209517058 | 第一借阅区/ [索取号:D922.280.4/1471] | 在馆 | |
| 5 | 0951706 | 209517067 | 第一借阅区/ [索取号:D922.280.4/1471] | 在馆 |